| 000 | 00549nam a2200193 a 4500 | ||
|---|---|---|---|
| 005 | 20230524063756.0 | ||
| 008 | 991125s1994 mx 000 0 spa u | ||
| 020 | _a9684369050 | ||
| 035 | _aUPN01000037297 | ||
| 049 | _aLT | ||
| 050 | 4 |
_aLB1589 M6.2 _bM39 |
|
| 245 | 0 | 0 |
_aMatemáticas 2 / _cReinaldo Yáñez S... [et al.] |
| 260 |
_aMéxico : _bProgreso, _c1994 |
||
| 300 |
_a199 p. : _bil. |
||
| 650 | 4 |
_aMatemáticas _xEstudio y enseñanza (Elemental) _92809 |
|
| 700 | 2 |
_aYáñez S., Reinaldo, _ecoaut. |
|
| 904 |
_aAC _b037298 |
||
| 905 | _aLibro | ||
| 999 |
_c37297 _d37297 |
||